[Event "Muensterland Verbandsklasse-A 0708"]
[White "Wingenfeld, Klaus"]
[Black "Tenhuendfeld, Bernd"]
[Site "Germany"]
[Round "8.8"]
[Result "1/2-1/2"]
[Date "2008.04.12"]
[WhiteElo "1833"]
[BlackElo "1783"]
[PlyCount "57"]
[EventDate "2007.09.22"]
[EventType "team-tourn"]
[EventRounds "9"]
[EventCountry "GER"]
[SourceTitle "EXT 2009"]
[Source "ChessBase"]
[SourceDate "2008.11.26"]
[SourceVersion "1"]
[SourceVersionDate "2008.11.26"]
[SourceQuality "1"]
[WhiteTeam "Muenster SK III"]
[BlackTeam "Ahaus Wessum"]
[WhiteTeamCountry "GER"]
[BlackTeamCountry "GER"]

1. e4 c5 2. Nc3 Nc6 3. f4 d6 4. Nf3 Nf6 5. d3 e6 6. g3 Be7 7. Bg2 0-0 8. 0-0 Bd7 9. Be3 Rb8 10. Kh1 b5 11. e5 Ng4 12. Bd2 Nh6 13. exd6 Bxd6 14. Ne4 Be7 15. Ne5 Nxe5 16. fxe5 Nf5 17. Qh5 Be8 18. Qh3 Kh8 19. Rf2 Rc8 20. g4 Nh4 21. g5 Nxg2 22. Qxg2 Bc6 23. Kg1 Qd4 24. Bc3 Bxe4 25. dxe4 Qd8 26. Rd2 Qc7 27. a3 Rcd8 28. Rad1 Kg8 29. h4 1/2-1/2

[Event "Muensterland Verbandsklasse-A 0708"]
[White "Wingenfeld, Klaus"]
[Black "Horstmann, Michael"]
[Site "Germany"]
[Round "6.6"]
[Result "1/2-1/2"]
[Date "2008.02.16"]
[WhiteElo "1833"]
[BlackElo "1731"]
[PlyCount "61"]
[EventDate "2007.09.22"]
[EventType "team-tourn"]
[EventRounds "9"]
[EventCountry "GER"]
[SourceTitle "EXT 2009"]
[Source "ChessBase"]
[SourceDate "2008.11.26"]
[SourceVersion "1"]
[SourceVersionDate "2008.11.26"]
[SourceQuality "1"]
[WhiteTeam "Muenster SK III"]
[BlackTeam "Emsdetten Rochade"]
[WhiteTeamCountry "GER"]
[BlackTeamCountry "GER"]

1. e4 d5 2. exd5 Nf6 3. d4 Nxd5 4. c4 Nb6 5. Nc3 e5 6. dxe5 Qxd1+ 7. Nxd1 Nc6 8. f4 Be6 9. Ne3 Bc5 10. Nf3 Nb4 11. a3 Nc6 12. f5 Bd7 13. Nd5 Nxd5 14. cxd5 Nd4 15. Nxd4 Bxd4 16. e6 Ba4 17. Bd2 fxe6 18. fxe6 0-0 19. Bc3 Bf2+ 20. Kd2 Bb3 21. Bb5 c6 22. dxc6 bxc6 23. Bxc6 Rad8+ 24. Kc1 Bxe6 25. Be4 Bb3 26. a4 Be3+ 27. Kb1 Bd4 28. Ra3 Be6 29. Bf3 Bc5 30. b4 Rb8 31. Re1 1/2-1/2

[Event "Muensterland Verbandsklasse-A 0708"]
[White "Fuellborn, Dietrich"]
[Black "Wingenfeld, Klaus"]
[Site "Germany"]
[Round "5.6"]
[Result "0-1"]
[Date "2008.01.26"]
[WhiteElo "1795"]
[BlackElo "1833"]
[PlyCount "68"]
[EventDate "2007.09.22"]
[EventType "team-tourn"]
[EventRounds "9"]
[EventCountry "GER"]
[SourceTitle "EXT 2009"]
[Source "ChessBase"]
[SourceDate "2008.11.26"]
[SourceVersion "1"]
[SourceVersionDate "2008.11.26"]
[SourceQuality "1"]
[WhiteTeam "Ochtrup"]
[BlackTeam "Muenster SK III"]
[WhiteTeamCountry "GER"]
[BlackTeamCountry "GER"]

1. d4 Nf6 2. g3 g6 3. Bg2 Bg7 4. Nf3 d6 5. 0-0 0-0 6. c4 Nc6 7. Nc3 a6 8. Re1 Rb8 9. a4 Re8 10. Bg5 h6 11. Bd2 Bg4 12. h3 Bxf3 13. Bxf3 Nxd4 14. Bg2 c5 15. e3 Nc6 16. Rb1 e6 17. e4 Nd7 18. Ne2 Nde5 19. Qc2 Nd4 20. Nxd4 cxd4 21. f4 Nc6 22. b4 e5 23. b5 axb5 24. Rxb5 b6 25. Reb1 Qc7 26. Qb3 Qa7 27. Bf3 Red8 28. Bd1 Qe7 29. Qa3 exf4 30. Bxf4 g5 31. Bxd6 Qxd6 32. Qxd6 Rxd6 33. Rxb6 d3 34. a5 Bd4+ 0-1

[Event "Muensterland Verbandsklasse-B 0607"]
[White "Overesch, Andre"]
[Black "Wingenfeld, Klaus"]
[Site "Germany"]
[Round "9.2"]
[Result "1/2-1/2"]
[Date "2007.05.12"]
[WhiteElo "1815"]
[BlackElo "1832"]
[PlyCount "43"]
[EventDate "2006.09.23"]
[EventType "team-tourn"]
[EventRounds "9"]
[EventCountry "GER"]
[SourceTitle "EXT 2008"]
[Source "ChessBase"]
[SourceDate "2007.11.25"]
[SourceVersion "1"]
[SourceVersionDate "2007.11.25"]
[SourceQuality "1"]
[WhiteTeam "Nordwalde"]
[BlackTeam "Muenster SK III"]
[WhiteTeamCountry "GER"]
[BlackTeamCountry "GER"]

1. d4 Nf6 2. c4 g6 3. g3 Bg7 4. Bg2 d6 5. Nf3 0-0 6. 0-0 a6 7. Nc3 Nc6 8. e4 Bg4 9. Be3 Re8 10. h3 Bxf3 11. Bxf3 e5 12. d5 Nd4 13. Bg2 c5 14. dxc6 bxc6 15. b4 Rb8 16. Rb1 Re7 17. Rb2 Reb7 18. Qa4 Qc7 19. Rfb1 Nd7 20. Qd1 Nf8 21. Qd3 Nfe6 22. a3 1/2-1/2